Heimat und ihre integrationsfixierte Desintegration
| Titel: | Heimat und ihre integrationsfixierte Desintegration : Die Exilprosa von Jan Křesadlo, Libuše Moníková und Iva Pekárková |
|---|---|
| Verfasser: | |
| In: |
Deutsche - Tschechen - Böhmen, (2010), Seite 47-61 alle Artikel anzeigen |
| Veröffentlicht: | 2010 |
| Format: | Aufsatz |
| Sprache: | Deutsch |
X
alg: 39229977
001A $01999:11-11-16
001B $01999:17-05-21 $t20:30:24.000
001D $01999:11-11-16
001U $0utf8
001X $00
002@ $0Aox
003@ $0392299771
007A $0392299771 $aHEB
007T $0Herdc0075444m
010@ $ager
011@ $a2010
021A $aHeimat und ihre integrationsfixierte Desintegration $dDie Exilprosa von Jan Křesadlo, Libuše Moníková und Iva Pekárková
028A $7124532896 $8Kliems, Alfrun$Z1969- [Tp3] $9155195603
031A $h47-61 $j2010
039B $aIn $8--Aau--. Deutsche - Tschechen - Böhmen. - Köln {[u.a.] : Böhlau, 2010. - 379 S.. - graph. Darst.. - ISBN 978-3-412-20493-8 $x201000000000000953 $9223477982
045F $a800 $eDDC23BSB
045F/01 $a800
045F/03 $g4371
lok: 39229977 78
exp: 39229977 78 1 #EPN
201B/01 $025-10-18 $t06:45:43.000
201U/01 $0utf8
203@/01 $0788396331
208@/01 $a11-11-16 $be
209A/01 $a/ $f000 $x00
220C/01 $aTitelaufnehmer: rb
220C/01 $aHerkunft: HI Marburg
244Z/01 $#Tschechien $#Tschechische Republik $#Tschechische Republik $#Tschechenland $#Tschechei Tschechien $#Česká Republika $#Czech Republic $#ČR $74303381-7 $8--Tg1--Tschechien $x01 $9086659812
244Z/01 $2Trx $#Böhmen $#Bohemia $#Czechy $8--Trx--Čechy $x02 $9391188941
244Z/01 $#Monikova, Libusa $7115720774 $8--Tp1--Moníková, Libuše$Z1945-1998 $x03 $9086827251
244Z/01 $2Trx $8--Trx--Pekárková, Iva$Z1963- $x04 $9390745995
244Z/01 $2Trx $#Troud, Kamil $#Klement, J.K. $#Pinkava, Václav $8--Trx--Křesadlo, Jan$Z1926-1995 $x05 $9391046969
244Z/01 $2Trx $#kirjanikud $#rašytojai $#writers $#írók $#pisarze $#spisovatelia $#spisovatelé $8--Trx--Schriftsteller $x06 $9391382659
244Z/01 $2Trx $#kirjandus, Tšehhi $#literatūra, čekų $#Literature, Czech $#irodalom, cseh $#literatura czeska $#literatúra česká $#literatura česká $8--Trx--Literatur, tschechische $x07 $9391356100
244Z/01 $2Trx $#eksiilkirjandus $#literatūra, emigrantų $#Literature of exile $#számüzetés irodalma $#literatura emigracyjna $#literatúra exilová $#literatura exilová $8--Trx--Exilliteratur $x08 $9391364995
244Z/01 $2Trx $8--Trx--Einzelbeiträge $x09 $9391384570
245Z/01 $a11.08 $x01
247C/01 $82080>Marburg/Lahn, Herder-Institut, Forschungsbibliothek, Bibliographieportal $9336309341
| LEADER | 00000caa a22000002c 4500 | ||
|---|---|---|---|
| 001 | 392299771 | ||
| 003 | DE-603 | ||
| 005 | 20210517203024.0 | ||
| 007 | tu | ||
| 008 | 161111s2010 xx |||| | u00||u|ger c | ||
| 035 | |a (DE-599)HEB392299771 | ||
| 040 | |a DE-603 |b ger |c DE-603 |d DE-603 | ||
| 041 | |a ger | ||
| 082 | 0 | 4 | |8 1\u |a 800 |q DE-101 |2 23/BSB |
| 085 | |8 1\u |b 800 | ||
| 085 | |8 1\u |z 2 |s 4371 | ||
| 100 | 1 | |a Kliems, Alfrun |d 1969- |0 (DE-603)155195603 |0 (DE-588)124532896 |2 gnd | |
| 245 | 0 | 0 | |a Heimat und ihre integrationsfixierte Desintegration |b Die Exilprosa von Jan Křesadlo, Libuše Moníková und Iva Pekárková |
| 264 | 0 | |c 2010 | |
| 773 | 0 | 8 | |i In |t Deutsche - Tschechen - Böhmen |d Köln [u.a.] : Böhlau, 2010 |h 379 S., graph. Darst. |z 9783412204938 |g (2010), Seite 47-61 |w (DE-603)223477982 |
| 924 | 0 | |9 2080 |a (DE-603)788396331 |b DE-2080 |c HES |d d |g / | |


